Harry Potter: E, F, etc Quiz Stats

 Plays Quiz not verified by Sporcle

Challenge
Share
Tweet
Embed
Score 0/32 Timer 06:00
0 Plays Today
% Correct
Fang
92%
Errol
91.7%
Filch, Argus
91.7%
Fridwulfa
91.3%
Elixir of Life
91%
Firewhisky
91%
Fudge, Cornelius
91%
Expelliarmus
90.3%
Edgecombe, Marietta
90.3%
Engorgio
90.3%
Felix Felicis
90.3%
Extendable Ears
89.9%
Earmuffs
89.2%
Finnigan, Seamus
89.2%
Fletcher, Mundungus
89.2%
Fainting Fancies
88.9%
% Correct
Flume, Ambrosius
88.2%
Fawkes
87.2%
Floo Powder
86.1%
Firenze
85.1%
Exploding Snap
84%
Evanesco
82.3%
Eagle
80.2%
Fairy
80.2%
Ennervate
79.9%
Ever-Bashing Boomerang
78.8%
Flobberworm
77.8%
Erumpent
77.1%
Falcon
74.7%
Flagrate
74%
Episkey
71.9%
Fwooper
62.8%

You're not logged in!

Compare scores with friends on all Sporcle quizzes.
Join for Free
OR
Log In

You Might Also Like...

Show Comments

Extras

Top Quizzes Today


Score Distribution

Your Account Isn't Verified!

In order to create a playlist on Sporcle, you need to verify the email address you used during registration. Go to your Sporcle Settings to finish the process.

Report this User

Report this user for behavior that violates our Community Guidelines.

Details: